<?xml version="1.0" encoding="UTF-8"?>
<resp>
  <nextPage>https://data.bn.org.pl/api/networks/bibs.marcxml?marc=001+b00001150003281&amp;sinceId=1150003282</nextPage>
  <collection>
    <record xmlns='http://www.loc.gov/MARC21/slim'><leader>01205namZa2200349ZiZ4500</leader><controlfield tag='001'>b00001150003281</controlfield><controlfield tag='005'>20241203214346.3</controlfield><controlfield tag='008'>230609s        pl           |000 0 pol c</controlfield><controlfield tag='009'>9913261171705606</controlfield><datafield ind1=' ' ind2=' ' tag='020'><subfield code='a'>9788375800470</subfield></datafield><datafield ind1=' ' ind2=' ' tag='035'><subfield code='a'>KR_1KR_1_20120317233339013081-48omnis_kr</subfield></datafield><datafield ind1=' ' ind2=' ' tag='035'><subfield code='a'>KR_1_20120317233339013081</subfield><subfield code='9'>ExL</subfield></datafield><datafield ind1=' ' ind2=' ' tag='035'><subfield code='a'>(PL)b00001150003281</subfield></datafield><datafield ind1=' ' ind2=' ' tag='040'><subfield code='a'>KR_1</subfield><subfield code='c'>KR_1</subfield></datafield><datafield ind1='1' ind2=' ' tag='041'><subfield code='a'>pol</subfield><subfield code='h'>ger</subfield></datafield><datafield ind1='1' ind2=' ' tag='100'><subfield code='a'>Grün, Anselm</subfield><subfield code='d'>(1945- )</subfield></datafield><datafield ind1='1' ind2='0' tag='245'><subfield code='a'>Ta choroba zmierza ku życiu :</subfield><subfield code='b'>uzdrawiająca moc życia duchowego /</subfield><subfield code='c'>Anselm Grun, Meinrad Dufner ; przeł. [z niem.] Paulina Kolińska.</subfield></datafield><datafield ind1=' ' ind2=' ' tag='260'><subfield code='a'>Kraków :</subfield><subfield code='b'>&quot;Salwator&quot;,</subfield><subfield code='c'>cop. 2009.</subfield></datafield><datafield ind1=' ' ind2=' ' tag='300'><subfield code='a'>123 s. ;</subfield><subfield code='c'>18 cm.</subfield></datafield><datafield ind1='1' ind2=' ' tag='490'><subfield code='a'>Biblioteka Centrum Formacji Duchowej. Kierownictwo Duchowe</subfield></datafield><datafield ind1=' ' ind2=' ' tag='500'><subfield code='a'>n</subfield></datafield><datafield ind1=' ' ind2='9' tag='650'><subfield code='a'>Choroby</subfield><subfield code='v'>rozmyślania religijne</subfield></datafield><datafield ind1=' ' ind2='9' tag='650'><subfield code='a'>Duchowość chrześcijańska</subfield></datafield><datafield ind1='1' ind2=' ' tag='700'><subfield code='a'>Dufner, Meinrad</subfield><subfield code='d'>(1946- )</subfield></datafield><datafield ind1='1' ind2=' ' tag='700'><subfield code='a'>Kolińska, Paulina</subfield><subfield code='e'>Tł.</subfield></datafield><datafield ind1=' ' ind2=' ' tag='852'><subfield code='b'>48OMNIS_NETWORK</subfield><subfield code='8'>9913261171705606</subfield></datafield><datafield ind1=' ' ind2=' ' tag='852'><subfield code='b'>48OMNIS_KR</subfield><subfield code='8'>991000032799708216</subfield></datafield><datafield ind1=' ' ind2=' ' tag='920'><subfield code='a'>978-83-7580-047-0</subfield></datafield></record>
  </collection>
</resp>
